Bilecik Bilecik Bilecik Bilecik Bilecik

Duden Français: Dictionnaire en images. (Record no. 39792)

MARC details
000 -BAŞLIK
Sabit Uzunluktaki Kontrol Alanı 00714nam a22002537a 4500
001 - KONTROL NUMARASI
Control Dosyası 0039916
003 - KONTROL NUMARASI KİMLİĞİ
Kontrol Alanı KOHA_MİRAKIL
005 - EN SON İŞLEM TARİHİ ve ZAMANI
Kontrol Alanı 20260207003145.0
007 - FİZİKSEL TANIM SABİT ALAN - GENEL BİLGİ
Sabit uzunluklu kontrol alanı ta
008 - SABİT UZUNLUKTAKİ VERİ ÖGELERİ - GENEL BİLGİ
Sabit Alan 130408b1962 ge |||gr||||#||||1|ger |
040 ## - KATALOGLAMA KAYNAĞI
Özgün Kataloglama Kurumu TR-BiSEU
Kataloglama Dili tur
Çeviri Kurumu TR-BiSEU
Açıklama Kuralları rda
041 0# - DİL KODU
Metin ya da ses kaydının dil kodu ger
044 ## - YAYINLAYAN/ÜRETEN KURULUŞUN ÜLKE KODU
ISO country code ge
050 ## - SINIFLAMA ve YER NUMARASI
Sınıflama Numarası PC2629
Yer Numarası .D83 1962
245 0# - ESER ADI BİLDİRİMİ
Başlık Duden Français: Dictionnaire en images.
246 ## - DEĞİŞİK BAŞLIK FORMU
Başlık uygun / kısa başlık Dictionnaire en images
264 #1 - ÜRERİM, YAYIN, DAĞITIM ve TELİF BİLDİRİMİ
Yayın yeri Mannheim :
Yayınlayan Duden Verlag
Yayın tarihi 1962
300 ## - FİZİKSEL TANIMLAMA
Sayfa, Cilt vb. 672, F128, D112 p. illus. (part col.) 20 cm.
336 ## - İÇERİK TÜRÜ
Content type term metin
Content type code txt
Source rdacontent
337 ## - MEDYA TÜRÜ
Media type term aracısız
Media type code n
Source rdamedia
338 ## - TAŞIYICI TÜRÜ
Carrier type term cilt
Carrier type code nc
Source rdacarrier
650 #0 - KONU BAŞLIĞI EK GİRİŞ - KONU TERİMİ
Konusal terim veya coğrafi ad Picture dictionaries, French.
9 (RLIN) 74058
942 ## - EK GİRİŞ ÖGELERİ (KOHA)
Source of classification or shelving scheme Library of Congress Classification
Koha item type Book
Holdings
Materyal Türü Kalıcı Konum Mevcut Konum Raf Yeri Koleksiyon Kodu Sınıflandırma Kaynağı Edinim Bilgisi Ana Konular Alt Konular Yer Numarası Demirbaş Numarası Fatura Tarihi Geri Çekilme Durumu Kayıp Durumu Hasarlı Durumu Kredi için değil Kayıt Tarih Toplam Ödünçverme Son Görülme Tarihi Son Kontrol Tarihi Genel / Bağış Notu
Danışma Kaynakları Prof. Dr. Azmi Özcan Kütüphanesi Prof. Dr. Azmi Özcan Kütüphanesi Birûni Salonu Referans Library of Congress Classification Bağış DİL VE EDEBİYAT Roman Dilleri PC2629 .D83 1962 0039916 02/02/2026       Ödünç verilmez 08/04/2013   05/12/2024 05/12/2024 Genel Bağış